[Event "BL 2016-17"]
[Site "Germany"]
[Date "2017.02.19"]
[Round "8"]
[White "Maiwald, Jens-Uwe"]
[Black "Zelbel, Patrick"]
[Result "1-0"]
[WhiteElo "2446"]
[BlackElo "2425"]
[Annotator "TA"]
[PlyCount "83"]
[EventDate "2017.??.??"]
[EventType "team-tourn"]
[EventCountry "GER"]
[SourceTitle "playchess.com"]
[Source "ChessBase"]
[SourceQuality "1"]
[WhiteTeam "TU Dresden"]
[BlackTeam "Mülheim Nord"]

{[%evp 15,83,7,7,-7,0,0,0,0,7,20,40,33,91,73,87,64,90,79,92,99,90,87,109,109,117,83,94,77,96,89,91,83,71,80,68,79,100,98,79,97,103,95,96,90,165,111,142,91,133,116,143,133,148,110,137,135,177,177,173,150,247,247,284,281,231,173,375,375,376,360]} 1. Nf3 c5 2. e4 d6 3. g3 Nf6 4. d3 g6 5. Bg2 Nc6 6. O-O Bg7 7. Re1 Qc7 8. c3 O-O {LiveBook: 6 Games} 9. a3 Rd8 10. Nbd2 b5 {The position is equal.} 11. d4 {[%cal Bd3d4,Bd4d5][%mdl 32]} e5 {[%cal Rc5d4]} 12. d5 Ne7 13. a4 Bd7 ({Better is} 13... b4 $14) 14. axb5 $16 Bxb5 15. Bf1 a6 16. Nc4 h6 17. Nfd2 Rf8 18. Na3 Rab8 19. Ndc4 Nd7 20. f4 Kh7 21. Ne3 {[#] Threatens to win with c4.} Bxf1 22. Rxf1 f5 23. exf5 Nxf5 24. Nxf5 Rxf5 25. Nc4 exf4 26. Rxf4 Nb6 {aiming for ...Rxf4.} 27. Rxf5 gxf5 28. Ne3 f4 29. gxf4 Rf8 (29... a5 $16) 30. Qf3 ({White should try} 30. Rxa6 $18 Kh8 31. Qd3) 30... Qb7 31. Bd2 (31. Kh1 $142) 31... Kh8 32. Rf1 Nd7 {[#]} 33. Bc1 $1 {[%cal Bd2c1,Bc1f4,Bf4g3,Bg3h4][%mdl 32]} Nf6 34. f5 h5 35. Nc4 Rg8 36. Kh1 Bf8 37. Bf4 Qd7 (37... Qxd5 $16 38. Qxd5 Nxd5) 38. Bg3 Rg4 39. Ne3 Re4 40. Ng2 {And now Bh4 would win.} Rg4 $2 (40... Qe8 {was called for.} 41. Nf4 Re3) 41. h3 $18 Rg8 42. Bh4 1-0

[Event "BL 2016-17"]
[Site "St. Veit/Glan"]
[Date "2017.03.26"]
[Round "8"]
[White "Bayer, Bernhard"]
[Black "Sandhoefner, Florian"]
[Result "1/2-1/2"]
[WhiteElo "2443"]
[BlackElo "2255"]
[Annotator "TA"]
[PlyCount "72"]
[EventDate "2017.??.??"]
[EventType "team-tourn"]
[EventCountry "AUT"]
[SourceTitle "playchess.com"]
[Source "ChessBase"]
[SourceQuality "1"]
[WhiteTeam "Absam"]

{[%evp 24,72,2,0,31,31,28,14,7,6,38,37,52,52,49,33,46,23,47,35,39,44,64,33,57,25,80,55,76,53,72,45,43,21,38,0,57,64,91,95,89,35,41,0,84,45,42,15,18,-38,-31]} 1. d4 d5 2. Nf3 Nf6 3. c4 c6 4. Nc3 e6 5. e3 Nbd7 6. Qc2 Bd6 7. b3 O-O 8. Be2 b6 9. O-O Bb7 10. e4 Nxe4 11. Nxe4 dxe4 12. Qxe4 Re8 13. Bf4 {LiveBook: 4 Games. D45: Semi-Slav: 5 e3} Qc7 $146 (13... Nf6 $5 {creates asymmetry.} 14. Qe3 Ng4 15. Qd2 c5 16. Rad1 Nf6) (13... Nf6 14. Qe3 Ng4 15. Qd2 c5 16. Rfd1 {½-½ (16) Blagojevic,D (2459)-Damljanovic,B (2567) Belgrade 2016}) 14. Bxd6 Qxd6 15. Rfd1 {White has an edge.} Qc7 16. Ng5 Nf8 17. c5 Rad8 18. Qe3 $36 {[%mdl 2048] White is more active.} Re7 19. f4 Ng6 20. g3 Red7 21. Bg4 bxc5 22. dxc5 {Rxd7 is the strong threat.} Rxd1+ 23. Bxd1 Ne7 24. Ne4 Nc8 (24... Nf5 $11 25. Qf2 Nd4) 25. Bc2 h6 26. Qc3 Rd5 27. Re1 Qd8 28. Nf2 Ne7 $1 29. Nd3 Rd4 ({Black should try} 29... a5 $11) 30. Ne5 $14 Kf8 31. Nc4 Rd7 32. Nd6 (32. Be4 $16) 32... Nc8 $1 33. Nc4 Ne7 $1 34. Qe3 Ba6 $1 35. Nd6 Nc8 $1 36. Ne4 (36. Nxc8 $11 Bxc8 37. Be4) 36... Bd3 1/2-1/2

[Event "BL 2016-17"]
[Site "St. Veit/Glan"]
[Date "2017.03.26"]
[Round "8"]
[White "Froewis, Georg"]
[Black "Eisenbeiser, Amadeus"]
[Result "1-0"]
[WhiteElo "2441"]
[BlackElo "2393"]
[Annotator "TA"]
[PlyCount "53"]
[EventDate "2017.??.??"]
[EventType "team-tourn"]
[EventCountry "AUT"]
[SourceTitle "playchess.com"]
[Source "ChessBase"]
[SourceQuality "1"]
[BlackTeam "Götzis"]

{[%evp 16,53,57,60,54,54,52,52,84,83,91,88,94,95,87,80,98,82,100,74,195,189,270,252,264,259,262,261,261,268,262,268,263,261,268,250,433,433,558,554]} 1. Nf3 d6 2. d4 g6 3. e4 Bg7 4. Be2 e5 5. O-O exd4 6. Nxd4 Ne7 7. Nc3 Nbc6 8. Be3 O-O 9. Qd2 {LiveBook: 6 Games. C46: 3 Nc3: Unusual Black 3rd moves} Nxd4 (9... f5 10. exf5 Nxf5 11. Nxf5 Bxf5 12. Nd5 Qd7 13. c3 Rae8 14. Rae1 Kh8 15. Bh6 Bxh6 16. Qxh6 Qf7 {½-½ (38) Hug,W (2445)-Kortschnoj,V (2625) Nuremberg 1990}) 10. Bxd4 Bxd4 11. Qxd4 {White is slightly better.} Nc6 12. Qd2 Be6 13. f4 f5 14. exf5 gxf5 15. Rae1 $146 (15. Nd5 Qd7 16. Rf3 h6 {½-½ (27) Renna,T (2360)-Ritter,M (2375) Long Island 1992}) 15... Qf6 16. Bf3 {Threatens to win with Rxe6!} Rae8 17. Qf2 Qd4 {[#]} (17... Bc4 $16) 18. Nb5 $1 $18 {[%cal Rb5d4]} Qg7 {[#]} (18... Qxf2+ $142 19. Kxf2 Bxa2) 19. Rxe6 $1 {[%mdl 512]} (19. Nxa7 Nxa7 20. Rxe6 (20. Qxa7 Bc4 $16) 20... Rxe6 $16) 19... Rxe6 20. Bd5 Rfe8 21. Re1 $1 {[%cal Re1e6]} (21. Nxa7 Qxb2 22. Nxc6 (22. Bxe6+ Rxe6 23. Nxc6 bxc6 $14) 22... bxc6 23. Bxe6+ (23. Bxc6 Qxa2 24. Bxe8 Rxe8 $11) 23... Rxe6 $14) 21... Nd8 22. Nd4 (22. Qxa7 Kf8 23. Bxe6 Rxe6 24. Rxe6 Nxe6 $16) 22... Qf6 23. Nxe6 Nxe6 24. Qe3 ({Don't take} 24. Qxa7 c6 $18) 24... Kf7 25. Qb3 Qd4+ $2 (25... h5 26. Kf1 (26. Qxb7 Qd4+ 27. Kh1 Kf6 $16) (26. Qb5 Re7 $16) 26... Re7) 26. Kh1 Kf6 27. Bxe6 1-0

[Event "BL 2016-17"]
[Site "Germany"]
[Date "2017.02.19"]
[Round "8"]
[White "Womacka, Mathias"]
[Black "Nikolic, Predrag"]
[Result "1/2-1/2"]
[WhiteElo "2427"]
[BlackElo "2607"]
[Annotator "TA"]
[PlyCount "116"]
[EventDate "2017.??.??"]
[EventType "team-tourn"]
[EventCountry "GER"]
[SourceTitle "playchess.com"]
[Source "ChessBase"]
[SourceQuality "1"]
[WhiteTeam "Schwäbisch Hall"]
[BlackTeam "Solingen"]

{[%evp 13,116,30,29,23,33,30,32,32,30,25,25,25,25,22,22,18,18,20,24,-14,-10,-10,7,0,0,-7,0,0,-4,-28,-25,-29,-13,-23,-14,-18,-8,-13,-11,-15,0,0,0,0,0,0,0,0,0,-4,0,0,-2,0,0,-8,0,0,0,0,0,0,0,0,0,0,0,0,0,0,0,0,0,0,0,0,0,0,0,0,0,0,6,0,0,0,0,0,0,0,0,0,0,0,0,0,0,0,0,0,0,0,0,0,0]} 1. e4 e5 2. Nf3 Nc6 3. Bb5 a6 4. Bxc6 dxc6 5. O-O Be7 6. Nxe5 Qd4 7. Nf3 Qxe4 {LiveBook: 12 Games} 8. d3 Qg6 9. Bf4 Bd6 {White has an edge.} 10. Qd2 Ne7 {[%cal Bg8e7,Be7d5,Bd5f4][%mdl 32]} 11. Re1 O-O 12. Nc3 Nd5 13. Bxd6 Qxd6 14. Ne4 Qf4 15. Qxf4 Nxf4 16. d4 Rd8 17. g3 Nd5 18. c3 f6 19. Nfd2 Kf7 20. f3 a5 21. a4 b6 22. Nc4 Be6 23. Ne3 Re8 24. Kf2 {The position is equal.} g5 25. Nxd5 cxd5 26. Nd2 Bd7 27. Nf1 Rxe1 28. Kxe1 $11 {[%mdl 4096] Endgame KRB-KRN} Ke6 29. Ne3 Kd6 30. Kf2 Rc8 31. Ng4 Bxg4 32. fxg4 {KR-KR} c5 {And now ...cxd4 would win.} 33. Rd1 Re8 34. Re1 Rb8 35. Ke3 Rc8 36. Kd3 c4+ 37. Ke3 Rb8 38. Kd2 Rh8 39. Rf1 Ke6 40. Re1+ Kf7 41. Kc2 h5 42. gxh5 Rxh5 43. Re2 g4 44. Rf2 Rh8 45. b3 Re8 46. bxc4 dxc4 47. Kd2 Kg6 48. Re2 Rxe2+ 49. Kxe2 {KP-KP} Kf5 50. Ke3 Ke6 51. Kd2 Kd6 52. Ke2 Kd5 53. Ke3 f5 54. Kd2 Ke4 55. Ke2 f4 56. gxf4 Kxf4 57. Kd2 Ke4 58. Ke2 Kf4 1/2-1/2

[Event "BL 2016-17"]
[Site "Germany"]
[Date "2017.02.19"]
[Round "8"]
[White "Neef, Maximilian"]
[Black "Saltaev, Mihail"]
[Result "1-0"]
[WhiteElo "2426"]
[BlackElo "2480"]
[Annotator "TA"]
[PlyCount "113"]
[EventDate "2017.??.??"]
[EventType "team-tourn"]
[EventCountry "GER"]
[SourceTitle "playchess.com"]
[Source "ChessBase"]
[SourceQuality "1"]
[WhiteTeam "TU Dresden"]
[BlackTeam "Mülheim Nord"]

{[%evp 12,113,47,31,33,18,29,16,49,58,89,102,99,76,105,92,122,91,106,114,97,105,99,114,150,140,184,183,217,202,212,126,121,115,135,122,119,106,122,127,133,133,127,108,124,116,130,116,128,116,181,175,212,213,214,198,189,168,231,109,110,110,118,108,112,108,99,98,98,98,106,108,105,106,116,116,132,132,170,163,163,158,170,178,189,171,170,168,796,753,766,270,1031,884,1087,1082,1048,1060,1425,1365,1962,1929,5422,5422]} 1. Nf3 d5 2. d4 c6 3. Bf4 {??.} Nf6 4. e3 Qb6 5. Qc1 Nh5 6. Be5 Nd7 7. Be2 Nxe5 8. dxe5 g6 9. O-O {[%cal Bh1f1,Bf1d1,Bd1d4][%mdl 32]} Bh6 10. c4 O-O {[#]} 11. cxd5 $1 cxd5 12. Nc3 Be6 13. Rd1 Rac8 14. Rd4 f6 {White should prevent ...fxe5.} 15. Qd2 fxe5 16. Nxd5 Bxd5 17. Rxd5 Nf6 18. Rb5 ({Stronger than} 18. Nxe5 Nxd5 19. Qxd5+ e6 $17) 18... Qc7 19. Qb4 ({Worse is} 19. Nxe5 a6 20. Ra5 b6 $19) 19... b6 20. Rxe5 ({Weaker is} 20. Nxe5 a6 21. Nxg6 hxg6 22. Rxb6 Rb8 23. Rxb8 Rxb8 $15) 20... Qd6 21. Qxd6 ({White should play} 21. Qh4 $18) 21... exd6 $16 22. Rb5 Rf7 23. Rd1 Bf8 24. Rb3 Rfc7 25. Nd4 Rc1 26. Rbd3 Kf7 27. Kf1 Rxd1+ 28. Rxd1 a5 29. Bd3 Nd7 30. Bb5 Ne5 (30... Nf6 $16 31. a3 d5) 31. Ke2 $18 Kf6 32. f4 Nf7 33. Kf3 Rc5 34. Bd3 h6 (34... d5 $142 35. g4 Nd6) 35. Bc2 (35. g4 $18 {and White stays clearly on top.}) 35... Ne5+ $16 36. Ke2 Nc6 {aiming for ...Nxd4+.} 37. Bb3 {Black must now prevent Ne6.} Nxd4+ 38. Rxd4 {[%mdl 4096] Endgame KRB-KRB} b5 39. a4 bxa4 40. Bxa4 Be7 41. Kf3 g5 42. g3 gxf4 43. exf4 d5 44. Rd2 Ke6 45. Re2+ Kf7 46. Rc2 Rxc2 47. Bxc2 {KB-KB} Kg7 48. b3 Bb4 49. Kg4 Be1 $2 {[#]} (49... Kf6 50. Kh5 Kg7) 50. Kf5 $1 $18 {[%cal Rf5e6]} Bf2 51. Bd1 $2 (51. g4 Bb6 52. Bd3) 51... d4 $2 (51... Bg1 52. h3 Bh2) 52. Be2 {White is clearly winning.} Be1 53. g4 {[%cal Bg3g4,Bg4g5][%mdl 32]} Bb4 54. g5 Bd6 55. h4 Bc7 56. Kg4 Bd6 57. f5 1-0

[Event "BL 2016-17"]
[Site "Germany"]
[Date "2017.02.19"]
[Round "8"]
[White "Lauber, Arnd"]
[Black "Baramidze, David"]
[Result "0-1"]
[WhiteElo "2424"]
[BlackElo "2604"]
[Annotator "TA"]
[PlyCount "74"]
[EventDate "2017.??.??"]
[EventType "team-tourn"]
[EventCountry "GER"]
[SourceTitle "playchess.com"]
[Source "ChessBase"]
[SourceQuality "1"]
[WhiteTeam "SF Berlin"]
[BlackTeam "Hockenheim"]

{[%evp 26,74,4,-2,15,0,0,7,0,7,10,0,3,0,0,-6,-6,-22,-20,-37,-39,-41,-42,-70,-54,-72,-71,-118,-102,-153,-148,-123,-113,-182,-169,-326,-326,-323,-307,-457,-454,-432,-452,-427,-436,-550,-539,-508,-484,-812,-808]} 1. d4 Nf6 2. c4 g6 3. Nc3 d5 4. Nf3 Bg7 5. Bf4 O-O 6. Rc1 dxc4 7. e3 Be6 8. Ng5 Bd5 9. e4 h6 10. exd5 hxg5 11. Bxg5 Nxd5 12. Bxc4 Nb6 13. Bb3 Nc6 14. Ne2 {LiveBook: 54 Games} Rc8 {[%cal Rc6d4]} 15. O-O Nxd4 16. Nxd4 {The position is equal.} Qxd4 ({Don't play} 16... Bxd4 $6 17. Qc2 Kg7 18. Rfe1 $16) 17. Qf3 e6 18. Qxb7 Nd5 19. Rfd1 Qg4 20. Bxd5 {Hoping for Be7.} Qxg5 21. Bb3 c5 22. Qxa7 Bxb2 23. Rc2 Bd4 24. Qb7 Qf5 25. Qa6 Rfd8 {[%cal Bf8d8,Bd8h8,Bh8h4,Bh4f4][%mdl 32]} 26. Rf1 {[#]} Kg7 $1 $40 {[%mdl 128] Black attacks with force.} 27. Qe2 ({White should play} 27. h3) 27... Rh8 $17 28. Rd1 Rh4 29. h3 (29. g3 $17 {was necessary.} Rhh8 30. Kh1) 29... Rf4 30. Rf1 $2 (30. Qf1) 30... Rh8 $19 {White must now prevent ...Rxh3!} 31. Rd2 {[#]} e5 $1 32. Rd3 {[#]} (32. Rxd4 $142 cxd4 33. Re1) 32... Bxf2+ $1 {[%mdl 512] Black is clearly winning.} 33. Rxf2 Rxf2 34. Qxf2 Qxd3 35. Qxf7+ Kh6 36. Qf6 Qe3+ 37. Kh1 (37. Kf1 $142 Re8 38. Qf2) 37... Qc1+ 0-1

[Event "BL 2016-17"]
[Site "Germany"]
[Date "2017.02.19"]
[Round "8"]
[White "Thiede, Lars"]
[Black "Boguslavsky, Oleg"]
[Result "1-0"]
[WhiteElo "2422"]
[BlackElo "2435"]
[Annotator "RC"]
[PlyCount "101"]
[EventDate "2017.??.??"]
[EventType "team-tourn"]
[EventCountry "GER"]
[SourceTitle "playchess.com"]
[Source "ChessBase"]
[SourceQuality "1"]
[WhiteTeam "SF Berlin"]
[BlackTeam "Hockenheim"]
[TimeControl "40/6000+30:3000+30"]

1. g3 {[%emt 0:00:00]} e5 {[%emt 0:00:24]} 2. c4 {[%emt 0:00:00]} Nc6 {[%emt 0:00:07]} 3. Bg2 {[%emt 0:00:00]} Bc5 {[%emt 0:00:44]} 4. Nc3 {[%emt 0:00:04]} a6 {[%emt 0:00:36]} 5. Nf3 {[%emt 0:00:08]} d6 {[%emt 0:00:36]} 6. e3 {[%emt 0:00:48]} Bg4 {[%emt 0:05:28]} 7. h3 {[%emt 0:00:52]} Bh5 {[%emt 0:00:58]} 8. O-O {[%emt 0:02:50]} Nf6 {[%emt 0:07:21]} 9. g4 {[%emt 0:02:37]} Bg6 {[%emt 0:00:28]} 10. d4 {[%emt 0:00:26]} Ba7 {[%emt 0:00:00]} 11. b3 {[%emt 0:02:15]} O-O {[%emt 0:19:38]} 12. dxe5 {[%emt 0:04:19]} dxe5 {[%emt 0:00:27]} 13. Ba3 {[%emt 0:00:20]} Re8 {[%emt 0:01:24]} 14. Qxd8 Raxd8 {[%emt 0:02:52]} 15. Nh4 {[%emt 0:26:02]} Bd3 {[%emt 0:20:23]} 16. Rfd1 {[%emt 0:00:47]} e4 {[%emt 0:08:50]} 17. Nf5 {[%emt 0:11:59]} h6 {[%emt 0:04:07]} 18. Rac1 {[%emt 0:06:12]} Kh7 {[%emt 0:05:55]} 19. Na4 {[%emt 0:08:48]} Be2 {[%emt 0:07:07]} 20. Rxd8 {[%emt 0:05:11]} Rxd8 {[%emt 0:00:08]} 21. Bb2 {[%emt 0:00:20]} Bf3 {[%emt 0:03:05]} 22. Bxf6 {[%emt 0:05:31]} gxf6 {[%emt 0:00:05]} 23. Nc3 {[%emt 0:01:58]} Bxg2 {[%emt 0:03:39]} 24. Kxg2 {[%emt 0:01:27]} Rd2 {[%emt 0:00:03]} 25. Nxe4 {[%emt 0:03:35]} Rxa2 {[%emt 0:00:03]} 26. Rd1 {[%emt 0:01:22]} Kg6 {[%emt 0:05:51]} 27. Rd7 {[%emt 0:06:38]} Bb6 {[%emt 0:00:38]} 28. c5 {[%emt 0:09:31]} Ba5 {[%emt 0:00:01]} 29. b4 {[%emt 0:00:55]} Ra4 {[%emt 0:00:27]} 30. Nc3 {[%emt 0:05:27]} Rxb4 {[%emt 0:00:20]} 31. Nd5 {[%emt 0:00:07]} Rc4 {[%emt 0:03:07]} 32. Nf4+ {[%emt 0:00:11]} Rxf4 {[%emt 0:00:15]} 33. exf4 {[%emt 0:00:06]} b5 {[%emt 0:02:49]} 34. Ne3 {[%emt 0:02:06]} b4 {[%emt 0:01:07]} 35. Nc4 {[%emt 0:00:45]} b3 {[%emt 0:00:09]} 36. Rd3 {[%emt 0:01:51]} Bb4 {[%emt 0:00:19]} 37. Rxb3 {[%emt 0:00:10]} a5 {[%emt 0:00:24]} 38. Rb1 {[%emt 0:00:42]} Kg7 {[%emt 0:03:26]} 39. Ra1 {[%emt 0:01:26]} Bxc5 {[%emt 0:01:33]} 40. Nxa5 {[%emt 0:00:50]} Nd4 {[%emt 0:53:44]} 41. Nc4 {[%emt 0:04:02]} Ne6 {[%emt 0:00:00]} 42. Kf3 {[%emt 0:02:16]} Nd4+ {[%emt 0:00:00]} 43. Ke4 {[%emt 0:01:05]} Ne6 {[%emt 0:00:00]} 44. Ne3 {[%emt 0:02:32]} Bf8 {[%emt 0:00:00]} 45. Nf5+ {[%emt 0:01:27]} Kh7 {[%emt 0:00:00]} 46. Ng3 {[%emt 0:03:12]} Ng7 {[%emt 0:00:00]} 47. Ra8 {[%emt 0:03:56]} Bc5 {[%emt 0:00:00]} 48. f5 {[%emt 0:06:17]} Bxf2 {[%emt 0:00:00]} 49. Ne2 {[%emt 0:00:07]} Bc5 {[%emt 0:00:00]} 50. Kd5 {[%emt 0:04:42]} Bd6 {[%emt 0:00:00]} 51. Nc3 {[%emt 0:00:41]} 1-0

[Event "BL 2016-17"]
[Site "Germany"]
[Date "2017.02.19"]
[Round "8"]
[White "Lindgren, Philip"]
[Black "Werle, Jan"]
[Result "1/2-1/2"]
[WhiteElo "2421"]
[BlackElo "2520"]
[Annotator "TA"]
[PlyCount "57"]
[EventDate "2017.??.??"]
[EventType "team-tourn"]
[EventCountry "GER"]
[SourceTitle "playchess.com"]
[Source "ChessBase"]
[SourceQuality "1"]
[WhiteTeam "Bayern München"]
[BlackTeam "Werder Bremen"]

{[%evp 12,57,58,46,45,49,35,56,41,26,18,27,27,25,22,8,16,16,43,0,14,0,0,0,0,-8,-6,0,0,-13,8,0,0,0,0,0,0,0,0,-18,-13,-20,0,0,0,-1,0,0]} 1. d4 Nf6 2. c4 e6 3. Nf3 {??.} c5 4. d5 exd5 5. cxd5 d6 6. Nc3 g6 7. Bf4 Bg7 8. Qa4+ Bd7 9. Qb3 Qc7 10. h3 O-O 11. e3 Na6 12. Nd2 Rab8 13. a4 Nb4 14. Be2 a6 15. O-O {And now Nce4 would win.} Rfe8 {The position is equal.} 16. e4 b5 17. axb5 Bxb5 18. Nxb5 axb5 19. Bf3 Nd7 20. Be2 Qb6 21. Rfe1 Bd4 22. Bg3 Nf6 {[%cal Bd7f6,Bf6h5,Bh5f4][%mdl 32]} 23. Bf1 Nh5 24. Bh4 h6 25. Be2 Nf4 26. Bf1 Nh5 27. Be2 Nf4 28. Bf1 Nh5 29. Be2 1/2-1/2

[Event "BL 2016-17"]
[Site "Germany"]
[Date "2017.02.19"]
[Round "8"]
[White "Walter, Stefan"]
[Black "Bruedigam, Martin"]
[Result "1/2-1/2"]
[WhiteElo "2414"]
[BlackElo "2405"]
[Annotator "RC"]
[PlyCount "203"]
[EventDate "2017.??.??"]
[EventType "team-tourn"]
[EventCountry "GER"]
[SourceTitle "playchess.com"]
[Source "ChessBase"]
[SourceQuality "1"]
[WhiteTeam "Griesheim"]
[BlackTeam "König Tegel"]
[TimeControl "40/6000+30:3000+30"]

1. d4 {[%emt 0:00:00]} Nf6 {[%emt 0:00:05]} 2. c4 {[%emt 0:00:00]} e6 {[%emt 0:00:05]} 3. g3 {[%emt 0:00:10]} Bb4+ {[%emt 0:00:14]} 4. Bd2 {[%emt 0:00:19]} a5 {[%emt 0:00:31]} 5. Bg2 {[%emt 0:01:11]} d6 {[%emt 0:01:21]} 6. e4 {[%emt 0:01:59]} e5 {[%emt 0:04:14]} 7. Ne2 {[%emt 0:01:02]} Nbd7 {[%emt 0:07:51]} 8. O-O {[%emt 0:03:36]} O-O {[%emt 0:12:37]} 9. Nbc3 {[%emt 0:14:39]} exd4 {[%emt 0:01:50]} 10. Nxd4 {[%emt 0:00:08]} Re8 {[%emt 0:01:54]} 11. Qc2 {[%emt 0:04:15]} Ne5 {[%emt 0:06:43]} 12. b3 {[%emt 0:03:28]} Bc5 {[%emt 0:11:36]} 13. Nf5 {[%emt 0:17:25]} Nc6 {[%emt 0:21:31]} 14. Rad1 {[%emt 0:07:10]} Nd4 {[%emt 0:06:01]} 15. Nxd4 {[%emt 0:06:46]} Bxd4 {[%emt 0:00:04]} 16. Nb5 {[%emt 0:02:05]} Bb6 {[%emt 0:02:20]} 17. Bc3 {[%emt 0:03:48]} Qe7 {[%emt 0:01:41]} 18. Rfe1 {[%emt 0:06:50]} Bg4 {[%emt 0:03:59]} 19. Rd2 {[%emt 0:01:50]} Rad8 {[%emt 0:01:04]} 20. h3 {[%emt 0:02:19]} Bc8 {[%emt 0:05:54]} 21. Rde2 {[%emt 0:02:46]} Nd7 {[%emt 0:04:46]} 22. Kh2 {[%emt 0:01:29]} h5 {[%emt 0:03:00]} 23. Bb2 {[%emt 0:09:35]} Ne5 {[%emt 0:04:18]} 24. Qc3 {[%emt 0:03:51]} f6 {[%emt 0:01:28]} 25. f4 {[%emt 0:01:03]} Nc6 {[%emt 0:01:39]} 26. Bf3 {[%emt 0:02:19]} Qd7 {[%emt 0:02:05]} 27. Bg2 {[%emt 0:01:11]} Bc5 {[%emt 0:01:07]} 28. Qd3 {[%emt 0:00:50]} Nb4 {[%emt 0:01:27]} 29. Qf3 {[%emt 0:01:52]} Qf7 {[%emt 0:00:29]} 30. Ba1 {[%emt 0:03:03]} Re7 {[%emt 0:00:47]} 31. Nd4 {[%emt 0:00:22]} Bxd4 {[%emt 0:01:20]} 32. Bxd4 {[%emt 0:00:07]} b6 {[%emt 0:01:08]} 33. g4 {[%emt 0:04:55]} Bb7 {[%emt 0:00:25]} 34. gxh5 {[%emt 0:00:57]} Rde8 {[%emt 0:00:29]} 35. Qg4 {[%emt 0:01:43]} Nd3 {[%emt 0:01:08]} 36. Rd1 {[%emt 0:01:37]} f5 {[%emt 0:00:20]} 37. Qg5 {[%emt 0:00:40]} fxe4 {[%emt 0:00:41]} 38. f5 {[%emt 0:00:58]} c5 {[%emt 0:00:07]} 39. f6 {[%emt 0:00:29]} cxd4 {[%emt 0:00:51]} 40. fxe7 {[%emt 0:00:40]} Qf4+ {[%emt 0:50:34]} 41. Qxf4 {[%emt 0:03:47]} Nxf4 {[%emt 0:00:00]} 42. Bxe4 {[%emt 0:06:54]} Nxe2 {[%emt 0:00:00]} 43. Bxb7 {[%emt 0:00:09]} Rxe7 {[%emt 0:00:00]} 44. Rd2 {[%emt 0:06:36]} Re3 {[%emt 0:00:00]} 45. Bg2 {[%emt 0:17:33]} d3 {[%emt 0:00:00]} 46. Bf1 {[%emt 0:00:47]} Nf4 {[%emt 0:00:00]} 47. Kg1 {[%emt 0:03:53]} Rf3 {[%emt 0:00:00]} 48. Rf2 {[%emt 0:00:25]} Rxf2 {[%emt 0:00:00]} 49. Kxf2 {[%emt 0:00:07]} d2 {[%emt 0:00:00]} 50. Be2 {[%emt 0:00:07]} Kf7 {[%emt 0:00:00]} 51. Bd1 {[%emt 0:02:52]} Kf6 {[%emt 0:00:00]} 52. Ke3 {[%emt 0:00:12]} Ke5 {[%emt 0:00:00]} 53. Kxd2 {[%emt 0:01:16]} Kd4 {[%emt 0:00:00]} 54. Bg4 {[%emt 0:01:31]} Nd3 {[%emt 0:00:00]} 55. Bf5 {[%emt 0:00:48]} Nf4 {[%emt 0:00:00]} 56. Bg4 {[%emt 0:00:16]} a4 {[%emt 0:00:00]} 57. Kc2 {[%emt 0:00:45]} a3 {[%emt 0:00:00]} 58. Kd2 {[%emt 0:01:30]} Nd3 {[%emt 0:00:00]} 59. Bf5 {[%emt 0:00:46]} Nb4 {[%emt 0:00:00]} 60. Bb1 {[%emt 0:00:19]} Nc6 {[%emt 0:00:00]} 61. Bg6 {[%emt 0:02:11]} Nb4 {[%emt 0:00:00]} 62. Bb1 {[%emt 0:00:04]} d5 {[%emt 0:00:26]} 63. h4 {[%emt 0:04:31]} dxc4 {[%emt 0:01:41]} 64. bxc4 {[%emt 0:00:07]} Nc6 {[%emt 0:01:54]} 65. Bh7 {[%emt 0:01:05]} Ne5 {[%emt 0:02:50]} 66. Bg8 {[%emt 0:01:39]} Nxc4+ {[%emt 0:01:56]} 67. Kc2 {[%emt 0:00:09]} Na5 {[%emt 0:00:14]} 68. Bf7 {[%emt 0:00:14]} b5 {[%emt 0:00:10]} 69. Bg8 {[%emt 0:02:10]} b4 {[%emt 0:00:05]} 70. Bf7 {[%emt 0:00:04]} Nc6 {[%emt 0:00:33]} 71. Kb3 {[%emt 0:00:47]} Kc5 {[%emt 0:00:05]} 72. Ka4 {[%emt 0:00:27]} Ne5 {[%emt 0:01:39]} 73. Bg8 {[%emt 0:00:38]} Nf3 {[%emt 0:00:33]} 74. Bf7 {[%emt 0:00:23]} Nxh4 {[%emt 0:00:25]} 75. Kb3 {[%emt 0:00:42]} Nf3 {[%emt 0:00:19]} 76. Ka4 {[%emt 0:00:44]} Nd4 {[%emt 0:00:58]} 77. Bg8 {[%emt 0:00:16]} Ne2 {[%emt 0:00:33]} 78. Be6 {[%emt 0:00:26]} Nc3+ {[%emt 0:02:26]} 79. Kb3 {[%emt 0:00:27]} Ne4 {[%emt 0:01:05]} 80. Bf7 {[%emt 0:00:43]} Nf2 {[%emt 0:00:58]} 81. Ka4 {[%emt 0:00:16]} Nh1 {[%emt 0:00:04]} 82. Bg8 {[%emt 0:00:28]} Ng3 {[%emt 0:00:04]} 83. Bf7 {[%emt 0:00:04]} Nf1 {[%emt 0:00:13]} 84. Bg8 {[%emt 0:00:08]} Ne3 {[%emt 0:00:12]} 85. Bf7 {[%emt 0:00:13]} Nd1 {[%emt 0:00:15]} 86. Bg8 {[%emt 0:00:17]} Nb2+ {[%emt 0:00:25]} 87. Kb3 {[%emt 0:00:18]} Nd3 {[%emt 0:00:06]} 88. Bf7 {[%emt 0:01:28]} Ne5 {[%emt 0:02:39]} 89. Be8 {[%emt 0:01:06]} Nc4 {[%emt 0:00:27]} 90. Bf7 {[%emt 0:00:18]} Nd6 {[%emt 0:00:24]} 91. Bg8 {[%emt 0:00:43]} Kb5 {[%emt 0:00:13]} 92. Bd5 {[%emt 0:01:19]} Nf5 {[%emt 0:00:10]} 93. Bc4+ {[%emt 0:00:34]} Ka5 {[%emt 0:00:25]} 94. Bf7 {[%emt 0:00:07]} Nd4+ {[%emt 0:00:57]} 95. Kc4 {[%emt 0:00:05]} Nf3 {[%emt 0:00:13]} 96. Kb3 {[%emt 0:00:18]} Nd2+ {[%emt 0:01:25]} 97. Kc2 {[%emt 0:00:08]} Ne4 {[%emt 0:00:07]} 98. Kb3 {[%emt 0:01:36]} Nc5+ {[%emt 0:01:13]} 99. Kc4 {[%emt 0:00:02]} Ne4 {[%emt 0:00:14]} 100. Kb3 {[%emt 0:00:12]} Kb5 {[%emt 0:00:16]} 101. Be8+ {[%emt 0:00:05]} Kc5 {[%emt 0:00:35]} 102. Kc2 1/2-1/2